| 000 | 01566nam a22002417a 4500 | ||
|---|---|---|---|
| 999 |
_c59458 _d59458 |
||
| 003 | Ge_BSU | ||
| 005 | 20230224102814.0 | ||
| 008 | 230224s2016 ge ||||| |||| 00| 0 geo d | ||
| 041 | _ageo | ||
| 080 | _a343.611–055.2(479.22)+364.63-055.2(479.22) დ-30 | ||
| 100 |
_aდეკანოსიძე, თამარ _96355 |
||
| 245 |
_aფემიციდის საქმეების განაჩენები, 2014 / _cავტ. თამარ დეკანოსიძე ; რედ. ხათუნა ყვირალაშვილი; საქ. ახალგაზრდა იურისტთა ასოციაცია. |
||
| 264 |
_aთბილისი : _bსაია, _c2016. |
||
| 300 |
_a84 გვ. : _b ცხრ. ; _c21 სმ. |
||
| 500 | _a ავტორი მითითებულია თავფურცლის მე–2 გვ. | ||
| 504 | _aბიბლიოგრ. ტექსტის შენიშვნებში. | ||
| 653 | _aგენდერული დანაშაული საქართველოში | ||
| 653 | _aქალთა მკვლელობები საქართველოში | ||
| 653 | _aძალადობა ქალთა მიმართ საქართველოში | ||
| 700 |
_aყვირალაშვილი, ხათუნა _eრედაქტორი _917020 |
||
| 710 |
_aსაქ. ახალგაზრდა იურისტთა ასოციაცია. _917021 |
||
| 942 |
_2udc _cBK |
||